The bell journal of economics

Saved in:
Bibliografiske detaljer
Institution som forfatter: American Telephone and Telegraph Company (Author)
Format: Bog
Sprog:engelsk
Udgivet: Lancaster American Telephone and Telegraph Company 1979
Fag:
Tags: Tilføj Tag
Ingen Tags, Vær først til at tagge denne postø!

MARC

LEADER 00000nam a2200000 a 4500
001 UCU8882
003 CL-VaPUC
008 960802e19790000US |||||||||||||||||eng|d
082 0 4 |a 330  |b AME  |2 21 
110 2 |a American Telephone and Telegraph Company  |e author  |9 368111 
245 1 4 |a The bell journal of economics 
300 |a v 
942 |c BK 
945 |d 19960802 00:00:00  |a paguirre 
260 |a Lancaster  |b American Telephone and Telegraph Company  |c 1979 
500 |a Autumn 1979 
650 0 |a Economía   |9 255568 
650 0 |a Empresas   |9 255569 
650 7 |a FINANCIAMIENTO  |2 CL-VaPUC  |9 358995 
650 0 |a Precios   |9 260787 
650 0 |a Publicidad  |9 314572 
583 |a last modification  |c 19960802 00:00:00  |k Rodrigo Vera 
999 |c 250975  |d 250973